Central Library OPAC University of Rajshahi

Prophethood and prophecies / (Record no. 57013)

MARC details
000 -LEADER
fixed length control field 00765nam a2200253 a 4500
001 - CONTROL NUMBER
control field 57013
003 - CONTROL NUMBER IDENTIFIER
rucl marc code BD-RjUL
005 - DATE AND TIME OF LATEST TRANSACTION
control field 20211209080447.0
008 - FIXED-LENGTH DATA ELEMENTS--GENERAL INFORMATION
fixed length control field 161205s2006 ii ||||| |||| 001 0 eng d
020 ## - INTERNATIONAL STANDARD BOOK NUMBER
International Standard Book Number 8126123893
035 ## - SYSTEM CONTROL NUMBER
System control number (BD-RjUL) 57137
040 ## - CATALOGING SOURCE
Original cataloging agency BD-RjUL
Language of cataloging eng
Transcribing agency BD-RjUL
Modifying agency BD-RjUL
041 ## - LANGUAGE CODE
Language code of text/sound track or separate title eng
082 ## - DEWEY DECIMAL CLASSIFICATION NUMBER
Edition number 23
Classification number 297.246
Author mark and year PRO 2006
245 10 - TITLE STATEMENT
Title Prophethood and prophecies /
Statement of responsibility, etc. Ed. by M Mukarram Ahmed
260 ## - PUBLICATION, DISTRIBUTION, ETC. (IMPRINT)
Place of publication, distribution, etc. New Delhi, India :
Name of publisher, distributor, etc. Anmol Publications,
Date of publication, distribution, etc. c2006
300 ## - PHYSICAL DESCRIPTION
Pagination xii, 412 p. ;
Size 24 cm.
490 ## - SERIES STATEMENT
Series statement Encyclopaedia of Islam series.
500 ## - GENERAL NOTE
General note Include index
650 ## - SUBJECT ADDED ENTRY--TOPICAL TERM
Topical term or geographic name as entry element Muḥammad, -- Prophet, -- -632.
9 (RLIN) 117536
700 ## - ADDED ENTRY--PERSONAL NAME
Personal name Ahmed, M Mukarram
856 ## - ELECTRONIC LOCATION AND ACCESS
Materials specified Encyclopaedia of Islam series.
942 ## - ADDED ENTRY ELEMENTS (KOHA)
Source of classification or shelving scheme Dewey Decimal Classification
Koha item type Books
Holdings
Lost status Source of classification or shelving scheme Damaged status Not for loan Collection code Permanent Location Current Location Shelving location Date acquired Source of acquisition Cost, normal purchase price Total Checkouts Full call number Date last seen Copy number Koha item type
  Dewey Decimal Classification   Not For Loan Non-fiction Central Library, University of Rajshahi Central Library, University of Rajshahi Reading Room 21/12/2010 Dhaka paragon enterprises ltd. 2500.00   297.246 PRO 2006 05/12/2016 C-1 Books